000 00668nam a22002171c 4500
001 a987690539
008 180912s2018 gw |||| 000u ger d
020 _a9783506792594
_9978-3-506-79259-4
041 _ager
100 1 _aBrüggemann, Jens
245 0 0 _aMänner von Ehre? :
_bdie Wehrmachtgeneralität im Nürnberger Prozess 1945/46 : zur Entstehung einer Legende
264 _aPaderborn :
_bFerdinand Schöningh,
_c2018
300 _a631 Seiten
610 0 _aDeutschland. Wehrmacht
650 0 _aNürnberger Prozesse
650 0 _aKriegsverbrechen
942 _cMG
040 _cRU-10907106
003 RU-10907106
999 _c52930
_d52930
490 0 _aKrieg in der Geschichte
_v112